000 00821nam a22003017a 4500
001 0000031
003 KOHA_MİRAKIL
005 20260207001156.0
007 ta
008 081212b2004 tu |||gr||||#||||0|tur |
020 _a9757313459
_c12,49
040 _aTR-BiSEU
_btur
_cTR-BiSEU
_erda
041 0 _atur
044 _ctu
050 _aQD101.2
_b.G86 2004
100 1 _aGündüz, Turgut.
245 1 _aKantitatif analiz :
_blaboratuvar kitabı/
_cTurgut Gündüz ; Turgut Gündüz.
264 1 _aAnkara :
_bGazi Kitabevi
_c2004
300 _a553 sayfa
336 _ametin
_btxt
_2rdacontent
337 _aaracısız
_bn
_2rdamedia
338 _acilt
_bnc
_2rdacarrier
500 _aKaynakça ve dizin var.
650 0 _aKimya.
_91495
650 0 _aLabaratuvarlar.
_91563
907 _aKimya
942 _2lcc
_cBK
999 _c32
_d32